000 03380cam a2200325 4500500
005 20251228050608.0
041 _afre
042 _adc
100 1 0 _aMounchit, Nadia
_eauthor
245 0 0 _aRejoindre l’autre et s’y retrouver soi-même. Femmes d’Afrique subsaharienne ‘regroupées’ en France dans l’après-migration
260 _c2018.
500 _a75
520 _aÀ partir d’une étude réalisée à Villeurbanne auprès de femmes originaires d’Afrique de l’Ouest et centrale en situation de regroupement familial, cet article entend dépasser la figure figée de l’immigrée dite ‘regroupée’ (Oso 2000), à travers laquelle les migrations féminines ont largement été appréhendées. Après l’arrivée, marquée par des dépendances multiples (mise à l’arrêt de la vie professionnelle, perte d’autonomie financière et isolement, voire ‘dette du rejoignant’) affectant leur statut social et leur place dans le couple, les émigrantes sont appelées à (ré)acquérir leur autonomie, par la voie professionnelle notamment, pour se détacher du statut de migrante et plus encore, de migrante regroupée.
520 _aBased on a survey carried out in Villeurbanne among women from West and Central Africa who had come to France as part of a family reunification programme, this article aims to go beyond the fixed figure of the so-called ‘regrouped’ (Oso 2000) women’s immigrant, which has largely been the lens through which female migrations have been analysed. After their arrival in France, which is characterised by multiple dependencies (interruption of professional life, loss of financial autonomy and isolation, sometimes even incurring the ‘debt of the follower’) that affect their social status and their position within their relationship, these emigrants start to (re)acquire autonomy, in particular through professional activity, in order to lose their status of migrants and, even more so, of migrants under family reunification laws.
520 _aBasado en un estudio realizado en Villeurbanne con mujeres originarias de África Occidental y Central en situación de reunificación familiar, este artículo pretende ir más allá de la figura fija de la inmigrante llamada "reagrupada" (Oso 2000), a través de la cual las migraciones femeninas han sido en gran medida aprehendidas. Después de la llegada, marcada por múltiples dependencias (cese de la vida profesional, pérdida de autonomía financiera y aislamiento, o incluso 'deuda del socio') que afectan su estatus social y su lugar en la pareja, las emigrantes son llamadas a (re) adquirir su autonomía, en particular a través de la vía profesional, para desprenderse del estatus de migrante y, más todavía, de migrante reagrupada.
690 _aactivité professionnelle
690 _aAfrique subsaharienne
690 _amigrations féminines
690 _aregroupement familial
690 _arôles sexués
690 _astratégies
690 _aFamily reunification
690 _aFemale migrations
690 _aGendered roles
690 _aProfessional activity
690 _aStrategies
690 _aSub-Saharan Africa
786 0 _nCahiers du Genre | 64 | 1 | 2018-04-10 | p. 155-174 | 1298-6046
856 4 1 _uhttps://shs.cairn.info/revue-cahiers-du-genre-2018-1-page-155?lang=fr&redirect-ssocas=7080
999 _c1580740
_d1580740